000 01256nam a2200349 i 4500
003 CO-BoRNBP
005 20250307100805.0
007 ta
008 231123s2023 ck a|||jr|||| 00| ||spa d
020 _a9786289604016
040 _aCO-BoRNBP
_bspa
_erda
_cCO-BoRNBP
041 1 _aspa
_hbel
043 _aa-bwr---
084 _aC CHE1
100 1 _aChéjov, Anton Pavlovich
_d1860-1904
_eautor
_92719
245 1 0 _aKashtanka
_cAntón Pávlovich Chéjov ; ilustraciones de Rebeca Luciani ; traducción de Natalia Morozova.
250 _aEdición especial
264 1 _aBogotá, Colombia
_bCiceron Editores
_c2023
300 _a67 páginas
_bilustraciones a color
_c24 cm
336 _atexto
_btxt
_2rdacontent
337 _asin mediación
_bn
_2rdamedia
338 _avolumen
_bnc
_2rdacarrier
521 _aRecomendado para un público mayor de 12 años
534 _t Kawtahka
650 1 7 _ySiglo IXI
_aCuentos juveniles rusos
_2ARMARC
_959243
650 1 7 _aLiteratura juvenil rusa
_ySiglo XIX
_2ARMARC
_959244
650 1 7 _aRespeto por los animales
_2ARMARC
_959245
650 1 7 _aAmistad en la literatura
_2ARMARC
_970
700 1 _aMorozova, Natalia
_etraductora
_959246
700 1 _aLuciani, Rebeca
_eilustradora
_9954
942 _2loc
_cBKLIT
999 _c57040
_d57040